000
00310nam a2200121Ia 4500
008
190216s9999||||xx |||||||||||||| ||und||
100
_a
Krishnan & Ashokan
245
0
_a
Management Accounting
260
_b
Calicut University Central Co-Operative
_c
1998
300
_a
658
650
_a
Commerce
942
_c
BK
999
_c
5604
_d
5604